Asian Countries by Shape - Sudden Death - Statistics

General Stats
  • This quiz has been taken 129 times
  • The average score is 12 of 21
Answers on the Grid
Answers color-coded by a green-red scale on the quiz's grid according to % correct below.
 
Answer Stats
Answer % Correct
Thailand
94%
Turkey
81%
Bangladesh
81%
Philippines
74%
Saudi Arabia
74%
China
72%
Indonesia
72%
Malaysia
66%
Taiwan
66%
Mongolia
62%
Iran
62%
South Korea
49%
Afghanistan
49%
Kyrgyzstan
47%
Maldives
45%
Kuwait
38%
Singapore
34%
East Timor
32%
Lebanon
30%
Armenia
26%
Bahrain
19%
No matching quizzes found
Score Distribution
Percent of People with Each Score
Percentile by Number Answered
Your Score History
You have not taken this quiz